| 000 | 00462ntaaa2200181 4500 | ||
|---|---|---|---|
| 003 | 01 | ||
| 005 | 20251027202917.0 | ||
| 008 | 0714s1973 ag 01 | ||
| 040 |
_aAR-BaBN _bspa _cAR-BaBN _eaacr _dRIC |
||
| 082 | _a922.0000 M36 | ||
| 100 |
_aMartyn, S.T. _929557 |
||
| 245 | _aLa vida y época de Guillermo Tyndale | ||
| 250 | _a1 ed. | ||
| 260 |
_aEl Paso : _bCasa Bautista de Publicaciones, _c1959 |
||
| 300 | _a119 p | ||
| 650 |
_aTyndale _929558 |
||
| 942 | _cBK | ||
| 999 |
_c24339 _d24339 |
||